MARC

LEADER 00000nam0a2200000 4500
001 56128
005 20231031053132.0
035 |a (RuTPU)RU\TPU\book\58920 
090 |a 56128 
100 |a 20030924d1964 k y0rusy50 ca 
101 0 |a rus 
102 |a RU 
105 |a a z 001zy 
200 1 |a Электронные приборы ядерной физики  |f А. А. Санин 
205 |a 2-е изд. 
210 |a Москва  |c Наука  |d 1964 
215 |a 1964  |c ил. 
320 |a Библиогр.: с. 589-600. 
610 1 |a электроника 
610 1 |a электронные приборы 
610 1 |a ядерная физика 
610 1 |a приборы 
610 1 |a усилители импульсов 
610 1 |a усилители напряжения 
610 1 |a линейные усилители 
610 1 |a шумы 
610 1 |a питание 
610 1 |a слабые токи 
610 1 |a пересчетные схемы 
610 1 |a временные анализаторы 
610 1 |a электропитание 
610 1 |a источники 
675 |a 621.385.11  |v 3 
675 |a 539.152.1.075  |v 3 
700 1 |a Санин  |b А. А.  |g Алексей Александрович 
801 1 |a RU  |b 63413507  |c 20030924  |g PSBO 
801 2 |a RU  |b 63413507  |c 20211208  |g PSBO 
942 |c BK